000 00652cam a22001814a 4500
005 20250605164353.0
008 250528s ||||||||||||||||||||||||d
035 _a24166
040 _aGR-AtMCL
_bgre
_dGR-AtMCL
_eAACR2
245 1 _aPreparing for Winter Challenges
260 _bGlobal Railway,
_c2020
300 _a65
520 _aPoland's Minister of Infrastructure on Investing in Improving Rail, Future Railway Mobile Communication System (FRMCS) as the Successor of GSM-R, The Growing Use of Additive Manufacturing and its Benefits for Rail.
700 1 _aWaters Craig
_99421
942 _cCR
999 _c9063
_d9063